Oldest (Age) Countries Quiz Stats

 Plays Quiz not verified by Sporcle

Support Sporcle.
Go Orange.
Score 0/25 Timer 06:00
0 Plays Today
Older Pop. (%) Country % Correct
17.3Spain
93.8%
23.9Japan
92.7%
20.5Italy
92.7%
16.9United Kingdom
91.7%
20.2Sweden
89.6%
18.5Austria
89.6%
17.6Denmark
89.6%
20.7Germany
88.5%
17.5 France
88.5%
16.6Netherlands
88.5%
18.1Portugal
87.5%
19.8Greece
86.5%
17.3Switzerland
85.4%
Older Pop. (%) Country % Correct
18.4Belgium
84.4%
17.1Hungary
78.1%
17.1Slovenia
77.1%
17.0Latvia
76%
16.6Lithuania
76%
27.8Monaco
72.9%
18.0Estonia
72.9%
17.1Croatia
72.9%
17.0Czech Republic
70.8%
18.6Bulgaria
67.7%
16.6Serbia
66.7%
18.2San Marino
65.6%

You're not logged in!

Compare scores with friends on all Sporcle quizzes.
OR
Log In
Forgot?

From the Vault

Same Name Trios VII

by nspyred

They say "three's a crowd," but does that still apply if everyone has the same name?
Remove Ads.
Support Sporcle.
Get the best of Sporcle when you Go Orange. This ad-free experience offers more features, more stats, and more fun while also helping to support Sporcle. Thank you for becoming a member.

Show Comments

Extras

Top Quizzes Today


Score Distribution

Your Account Isn't Verified!

In order to create a playlist on Sporcle, you need to verify the email address you used during registration. Go to your Sporcle Settings to finish the process.

Report this User

Report this user for behavior that violates our Community Guidelines.

Details: